| 000 | 00739nam a2200229Ia 4500 | ||
|---|---|---|---|
| 005 | 20250508163843.0 | ||
| 008 | 008 250505s9999 xx 000 0 eng d | ||
| 020 | _a0-415-20209-4 | ||
| 037 | _aTextual | ||
| 040 |
_aFEDL _beng _cFEDL |
||
| 041 |
_aeng _2eng |
||
| 084 |
_a379.41, AHI _qFEDL |
||
| 100 |
_aAhier John Ed. _9776569 |
||
| 245 | 0 | _aEducation, training and the future of work I : Social, political and economic contexts of policy development | |
| 260 |
_aLondon, UK _bRoutledge _c1999 |
||
| 300 | _axv,271p. | ||
| 365 |
_aGBP _b16.5 |
||
| 650 |
_aEducation and state; Occupational training _9776570 |
||
| 700 |
_a Esland Geoff Ed. _9776571 |
||
| 942 |
_cTEXL _h379.41, AHI |
||
| 999 |
_c1385617 _d1385617 |
||